International Review of Research in Emerging Markets and the Global Economy

Enregistré dans:
Détails bibliographiques
Format: Publication en série
Langue:anglais
Publié: Dubai J. A. Alpha Business Research & Publishers
Tags: Ajouter un tag
Pas de tags, Soyez le premier à ajouter un tag!

MARC

LEADER 00000nas1a2200000 4500
001 0248942
005 20230324132109.5
022 |a 2311-3200 
041 0 |a eng 
044 |a AE 
245 1 0 |a International Review of Research in Emerging Markets and the Global Economy 
264 1 |a Dubai  |b J. A. Alpha Business Research & Publishers